00217nam a2200073Ia 4500008004100000050002500041100001800066245005900084230915s9999 xx 000 0 und d aTX 911.3.P4 T47 2010 aTESONE ,DANA  0aPRINCIPLES OF MANAGEMENT FOR THE HOSPITALITY INDUSTRY